000 00358nam a2200133 4500
005 20260530115310.0
100 1 _aJ de S'Agaró
245 1 0 _aSerigafía Artística para artistas y pequeños talleres
264 1 _bLEDA Barcelona
_c1988
300 _a60 páginas
336 _atexto
_2rdacontent
337 _asin medio
_2rdamedia
338 _avolumen
_2rdacarrier
999 _c13282
_d13282